=LDR 00000nam 2200000 4500 =001 INLIS000000000036954 =005 20130612142717 =008 ***********************************Ind** =035 ##$$0010-061300000036954 =041 ##$$a Ind =082 ##$$a 813 =090 ##$$a 813, Lee y =100 ##$$a Lee Seong-A =245 ##$$a Lee Seong-A =260 ##$$a Lee Seong-A ; alih bahasa $b Young update =300 ##$$a Jakarta, Elex Media Komputindo, 2011 =650 ##$$a Fiksi Indonesia-terjemahan =700 ##$$a Gunawan, Patricia Trina =850 ##$$a NBPNMAT